Podniková ekonomika a management : sborník referátů z mezinárodní konference "Podniková ekonomika a management" konané ve dnech 17. a 18. června 2004 v Brně /

Korporativní autor: Masarykova univerzita. Ekonomicko-správní fakulta
Další autoři: Podniková ekonomika a management (konference), Blažek, Ladislav, 1945-, Český komitét pro vědecké řízení
Jazyk: Slovenština
Čeština
Angličtina
Vydáno: Brno : Masarykova univerzita, 2004
Vydání: 1. vyd.
Témata:
Externí odkaz: Digitalizovaný dokument
Fyzický popis: 399 s. : il. ; 22 cm
Language note: Český, slovenský a anglický text
Knihy
Uloženo v:
LEADER 02021nam a2200433 a 4500
001 000723986
003 CZ BrMZK
005 20091015103314.0
007 ta
008 040701s2004 xr a e 100 cze d
015 |a cnb001411734 
020 |a 80-210-3414-9  |q (brož.) 
035 |a (OCoLC)85115769 
040 |a BOA001  |b cze 
041 0 |a cze  |a slo  |a eng 
072 7 |a 658  |x Řízení a správa podniku  |2 Konspekt  |9 4 
080 |a 658  |2 MRF 
080 |a (062.534)  |2 MRF 
111 2 |a Podniková ekonomika a management (konference)  |d (2004 :  |c Brno, Česko)  |7 kn20040923006 
245 1 0 |a Podniková ekonomika a management :  |b sborník referátů z mezinárodní konference "Podniková ekonomika a management" konané ve dnech 17. a 18. června 2004 v Brně /  |c [editor Ladislav Blažek] 
250 |a 1. vyd. 
260 |a Brno :  |b Masarykova univerzita,  |c 2004 
300 |a 399 s. :  |b il. ;  |c 22 cm 
500 |a Nad názvem: Masarykova univerzita v Brně. Ekonomicko-správní fakulta a Český komitét pro vědecké řízení 
500 |a 120 výt. 
504 |a Obsahuje bibliografie a bibliografické odkazy 
546 |a Český, slovenský a anglický text 
500 |a Dostupné též v digitální podobě v aplikaci Kramerius 
650 0 7 |a podnikový management  |7 ph115763  |2 czenas 
650 0 7 |a podniková ekonomika  |7 ph115762  |2 czenas 
655 7 |a sborníky konferencí  |7 fd133333  |2 czenas 
700 1 |a Blažek, Ladislav,  |d 1945-  |7 mzk2004217470  |4 edt 
710 2 |a Masarykova univerzita.  |b Ekonomicko-správní fakulta  |7 kn20010709273 
710 2 |a Český komitét pro vědecké řízení  |7 kn20021004012 
856 4 1 |u http://www.digitalniknihovna.cz/mzk/uuid/uuid:1573d370-6437-11e6-85af-005056827e52  |y Digitalizovaný dokument  |x NDK 
910 |a BOA001  |b 2-1138.020 
990 |a BK 
996 6 |b 2610223469  |c 2-1138.020  |l MZK  |r Sklad / do 1 hodiny  |n 1  |p p.v.  |w 000723986  |u 000010  |a 1  |e BOA001  |j MZK50  |s P 
996 7 |b 2610223470  |c 2-1138.020  |l MZK  |r Sklad / do 1 hodiny  |n 35  |p p.v.  |w 000723986  |u 000020  |a 1  |e BOA001  |j MZK50  |s A